Music Quiz

Random Music Quiz
Score 0/157 Timer 15:00
0 Plays Today
Hint Answer % Correct
Wembley Arena-Nov 23 2002Everlong
95.2%
Apollo Victoria-June 14, 2006Everlong
95.2%
Hyde Park-June 17, 2006Everlong
95.2%
Wembley Stadium-June 6, 2008Everlong
95.2%
Dingwalls-Feb 26, 2011Everlong
95.2%
Queen Elizabeth Olympic Park (Invictus Games)-Sept 14, 2014Everlong
95.2%
O2 Arena-Sept 19, 2017Everlong
95.2%
Wembley Arena-Nov 23 2002All My Life
93.7%
Hyde Park-June 17, 2006All My Life
93.7%
Wembley Stadium-June 6, 2008All My Life
93.7%
Dingwalls-Feb 26, 2011All My Life
93.7%
Queen Elizabeth Olympic Park (Invictus Games)-Sept 14, 2014All My Life
93.7%
O2 Arena-Sept 19, 2017All My Life
93.7%
Dingwalls-Feb 26, 2011Walk
88.9%
Queen Elizabeth Olympic Park (Invictus Games)-Sept 14, 2014Walk
88.9%
O2 Arena-Sept 19, 2017Walk
88.9%
Wembley Arena-Nov 23 2002Monkey Wrench
87.3%
Hyde Park-June 17, 2006Monkey Wrench
87.3%
Wembley Stadium-June 6, 2008The Pretender
87.3%
Wembley Stadium-June 6, 2008Monkey Wrench
87.3%
Dingwalls-Feb 26, 2011Monkey Wrench
87.3%
Queen Elizabeth Olympic Park (Invictus Games)-Sept 14, 2014The Pretender
87.3%
O2 Arena-Sept 19, 2017The Pretender
87.3%
O2 Arena-Sept 19, 2017Monkey Wrench
87.3%
Brixton Academy-Nov 14, 1995Big Me
84.1%
Brixton Academy-Nov 14, 1995My Hero
84.1%
Wembley Arena-Nov 23 2002My Hero
84.1%
Wembley Arena-Nov 23 2002Learn To Fly
84.1%
Wembley Arena-Nov 23 2002Times Like These
84.1%
Apollo Victoria-June 14, 2006Times Like These
84.1%
Apollo Victoria-June 14, 2006Best of You
84.1%
Hyde Park-June 17, 2006Best of You
84.1%
Hyde Park-June 17, 2006Times Like These
84.1%
Hyde Park-June 17, 2006Learn To Fly
84.1%
Hyde Park-June 17, 2006My Hero
84.1%
Wembley Stadium-June 6, 2008Times Like These
84.1%
Wembley Stadium-June 6, 2008Learn To Fly
84.1%
Wembley Stadium-June 6, 2008My Hero
84.1%
Wembley Stadium-June 6, 2008Big Me
84.1%
Wembley Stadium-June 6, 2008Best of You
84.1%
Dingwalls-Feb 26, 2011My Hero
84.1%
Dingwalls-Feb 26, 2011Times Like These
84.1%
Dingwalls-Feb 26, 2011Big Me
84.1%
Queen Elizabeth Olympic Park (Invictus Games)-Sept 14, 2014Times Like These
84.1%
Queen Elizabeth Olympic Park (Invictus Games)-Sept 14, 2014Learn To Fly
84.1%
Queen Elizabeth Olympic Park (Invictus Games)-Sept 14, 2014My Hero
84.1%
Queen Elizabeth Olympic Park (Invictus Games)-Sept 14, 2014Best of You
84.1%
O2 Arena-Sept 19, 2017Learn To Fly
84.1%
O2 Arena-Sept 19, 2017My Hero
84.1%
O2 Arena-Sept 19, 2017Times Like These
84.1%
O2 Arena-Sept 19, 2017Best of You
84.1%
Brixton Academy-Nov 14, 1995This Is a Call
82.5%
Wembley Stadium-June 6, 2008This Is a Call
82.5%
Hint Answer % Correct
Dingwalls-Feb 26, 2011This Is a Call
82.5%
O2 Arena-Sept 19, 2017This Is a Call
82.5%
O2 Arena-Sept 19, 2017Run
81%
Dingwalls-Feb 26, 2011Rope
79.4%
O2 Arena-Sept 19, 2017Rope
79.4%
Brixton Academy-Nov 14, 1995For All The Cows
76.2%
Wembley Arena-Nov 23 2002For All The Cows
76.2%
Wembley Arena-Nov 23 2002Breakout
76.2%
Hyde Park-June 17, 2006Breakout
76.2%
Wembley Stadium-June 6, 2008Breakout
76.2%
Dingwalls-Feb 26, 2011For All The Cows
76.2%
O2 Arena-Sept 19, 2017Breakout
76.2%
Brixton Academy-Nov 14, 1995I'll Stick Around
74.6%
Wembley Arena-Nov 23 2002Stacked Actors
74.6%
Hyde Park-June 17, 2006Stacked Actors
74.6%
Wembley Stadium-June 6, 2008Stacked Actors
74.6%
Dingwalls-Feb 26, 2011Stacked Actors
74.6%
Dingwalls-Feb 26, 2011I'll Stick Around
74.6%
O2 Arena-Sept 19, 2017I'll Stick Around
74.6%
O2 Arena-Sept 19, 2017The Sky Is a Neighborhood
74.6%
Hyde Park-June 17, 2006DOA
73%
Wembley Stadium-June 6, 2008DOA
73%
Wembley Stadium-June 6, 2008Long Road To Ruin
71.4%
Dingwalls-Feb 26, 2011These Days
71.4%
Dingwalls-Feb 26, 2011Long Road To Ruin
71.4%
O2 Arena-Sept 19, 2017These Days
71.4%
Dingwalls-Feb 26, 2011White Limo
69.8%
Queen Elizabeth Olympic Park (Invictus Games)-Sept 14, 2014White Limo
69.8%
O2 Arena-Sept 19, 2017White Limo
69.8%
Wembley Arena-Nov 23 2002Generator
66.7%
Hyde Park-June 17, 2006In Your Honor
66.7%
Hyde Park-June 17, 2006Generator
66.7%
Wembley Stadium-June 6, 2008Generator
66.7%
Dingwalls-Feb 26, 2011Arlandria
66.7%
Dingwalls-Feb 26, 2011Generator
66.7%
Queen Elizabeth Olympic Park (Invictus Games)-Sept 14, 2014Arlandria
66.7%
O2 Arena-Sept 19, 2017Arlandria
66.7%
Wembley Arena-Nov 23 2002Hey, Johnny Park!
65.1%
Wembley Stadium-June 6, 2008Skin & Bones
65.1%
Dingwalls-Feb 26, 2011Hey, Johnny Park
65.1%
O2 Arena-Sept 19, 2017Skin & Bones
65.1%
Wembley Arena-Nov 23 2002Low
63.5%
Dingwalls-Feb 26, 2011Bridge Burning
63.5%
Brixton Academy-Nov 14, 1995Wattershed
61.9%
Apollo Victoria-June 14, 2006Cold Day In The Sun
61.9%
Wembley Stadium-June 6, 2008Cold Day In The Sun
61.9%
Dingwalls-Feb 26, 2011Cold Day In The Sun
61.9%
Dingwalls-Feb 26, 2011Wattershed
61.9%
Queen Elizabeth Olympic Park (Invictus Games)-Sept 14, 2014Cold Day In The Sun
61.9%
O2 Arena-Sept 19, 2017Cold Day In The Sun
61.9%
Brixton Academy-Nov 14, 1995Alone + Easy Target
60.3%
Brixton Academy-Nov 14, 1995Exhausted
60.3%
Brixton Academy-Nov 14, 1995Floaty
60.3%
Hint Answer % Correct
Apollo Victoria-June 14, 2006Floaty
60.3%
Wembley Stadium-June 6, 2008No Way Back
60.3%
Dingwalls-Feb 26, 2011Dear Rosemary
60.3%
Brixton Academy-Nov 14, 1995Oh, George
58.7%
Wembley Arena-Nov 23 2002Aurora
58.7%
Apollo Victoria-June 14, 2006Walking After You
58.7%
Wembley Stadium-June 6, 2008Cheer Up, Boys (Your Make Up Is Running)
58.7%
Dingwalls-Feb 26, 2011Aurora
58.7%
Brixton Academy-Nov 14, 1995Weenie Beenie
57.1%
Brixton Academy-Nov 14, 1995Good Grief
57.1%
Apollo Victoria-June 14, 2006Razor
57.1%
Apollo Victoria-June 14, 2006Next Year
57.1%
Apollo Victoria-June 14, 2006February Stars
57.1%
Brixton Academy-Nov 14, 1995Up In Arms
55.6%
Dingwalls-Feb 26, 2011I Should Have Known
55.6%
Dingwalls-Feb 26, 2011Up In Arms
55.6%
Brixton Academy-Nov 14, 1995Enough Space
54%
Wembley Arena-Nov 23 2002Enough Space
54%
Dingwalls-Feb 26, 2011Back & Forth
54%
Dingwalls-Feb 26, 2011Miss The Misery
54%
Dingwalls-Feb 26, 2011Enough Space
54%
O2 Arena-Sept 19, 2017La Dee Da
54%
O2 Arena-Sept 19, 2017Congregation
54%
Dingwalls-Feb 26, 2011A Matter of Time
50.8%
Wembley Arena-Nov 23 2002Have It All
49.2%
Apollo Victoria-June 14, 2006Another Round
49.2%
Apollo Victoria-June 14, 2006See You
49.2%
O2 Arena-Sept 19, 2017Dirty Water
49.2%
Apollo Victoria-June 14, 2006Virginia Moon
47.6%
Apollo Victoria-June 14, 2006Friend of a Friend
47.6%
Wembley Stadium-June 6, 2008Marigold
47.6%
O2 Arena-Sept 19, 2017Sunday Rain
47.6%
Brixton Academy-Nov 14, 1995Winnebago
46%
Wembley Arena-Nov 23 2002The One
46%
Wembley Arena-Nov 23 2002Tired of You
46%
Apollo Victoria-June 14, 2006On The Mend
46%
Apollo Victoria-June 14, 2006Over and Out
46%
Hyde Park-June 17, 2006The One
46%
Apollo Victoria-June 14, 2006Still
44.4%
Wembley Stadium-June 6, 2008But, Honestly
44.4%
Apollo Victoria-June 14, 2006Miracle
42.9%
O2 Arena-Sept 19, 2017Make It Right
42.9%
Apollo Victoria-June 14, 2006Ain't It The Life
41.3%
Hyde Park-June 17, 2006Shake Your Blood
41.3%
Brixton Academy-Nov 14, 1995Butterflies
39.7%
Hyde Park-June 17, 2006Tie Your Mother Down
39.7%
Hyde Park-June 17, 2006We Will Rock You
38.1%
Brixton Academy-Nov 14, 1995Podunk
36.5%
O2 Arena-Sept 19, 2017Never Gonna Give You Up
34.9%
Brixton Academy-Nov 14, 1995Gas Chambers
33.3%
Dingwalls-Feb 26, 2011Young Man Blues
33.3%
Remove Ads.
Support Sporcle.
Get the best of Sporcle when you Go Orange. This ad-free experience offers more features, more stats, and more fun while also helping to support Sporcle. Thank you for becoming a member.

You're not logged in!

Compare scores with friends on all Sporcle quizzes.
OR
Log In

Show Comments

Extras

Created Dec 18, 2018ReportNominate
Tags:enlist, Fighter, foo, Foo Fighters, London

Top Quizzes Today


Score Distribution

Your Account Isn't Verified!

In order to create a playlist on Sporcle, you need to verify the email address you used during registration. Go to your Sporcle Settings to finish the process.

Report this User

Report this user for behavior that violates our Community Guidelines.

Details: